000
00289nam a22001217a 4500
008
170502b xxu||||| |||| 00| 0 eng d
041
_a
eng
080
_2
3RD
_a
342
100
_a
13
101
_a
SHJ
245
_a
PLANNING AND CONTROL OF LAND DEVELOPMENT
_c
MANDELKER, D.R
942
_2
udc
_c
BK
999
_c
12334
_d
12334